000 00253nam a2200109Ia 4500
008 240625s9999 xx 000 0 und d
041 _aeng
082 _a519.536 DRA
100 _aDRAPER NORMAN R
245 _aAPPLIED REGRESSION ANALYSIS
260 _c2007
999 _c33803
_d33803